| 000 | 00738cam a2200193 i 4500 | ||
|---|---|---|---|
| 005 | 20251125094047.0 | ||
| 008 | 250721s1993 ua gr 000 0 ara d | ||
| 082 | 1 | 4 |
_a211.63 _bخ ض ر |
| 100 | 1 |
_aالخضري، محمد الأمين _eمؤلف. |
|
| 245 | 1 | 2 |
_aالإعجاز البياني في صيغ الألفاظ : _bدراسة تحليلية للافراد والجمع في القرآن / _cتأليف الدكتور محمد الأمين الخضري. |
| 250 | _aالطبعة الأولى. | ||
| 264 | 3 | 1 |
_aالقاهرة : _c1993. |
| 300 | _a355 صفحة. | ||
| 650 | 1 | 7 | _aالقرآن الكريم. |
| 650 | 1 | 7 | _aالبلاغة. |
| 650 | 1 | 7 | _aاللغة العربية. |
| 942 |
_2ddc _cBK |
||
| 999 |
_c6289 _d6289 |
||